| 000 | 00478nam a2200181Ia 4500 | ||
|---|---|---|---|
| 008 | 131103s9999 xx 000 0 und d | ||
| 040 | _aLoreto College | ||
| 041 | _aEnglish | ||
| 082 |
_aH _b#NAME? |
||
| 100 | _aHemingway,Ernest | ||
| 245 | 2 |
_aA Farewell to arms _cErnest Hemingway |
|
| 260 |
_aHarmondsworth _bPenguin Books _c1935 (1968 printing) |
||
| 300 |
_a255 p. _c 18 cm. |
||
| 440 | _aPenguin Books | ||
| 650 | _aEnglish Fiction | ||
| 850 | _aLCLIB | ||
| 942 | _cBK | ||
| 999 |
_c13342 _d63821 |
||